logo

Bir Sreshtho Munshi Abdur Rouf Library
Jhenaidah Cadet College

Network security : (Record no. 14257)

MARC details
000 -LEADER
fixed length control field 01138cam a22003375a 4500
001 - CONTROL NUMBER
JCCL Control Number 14257
003 - CONTROL NUMBER IDENTIFIER
JCCL marc code BD-JhCC
005 - DATE AND TIME OF LATEST TRANSACTION
control field 20250225114159.0
008 - FIXED-LENGTH DATA ELEMENTS--GENERAL INFORMATION
fixed length control field 020702s2002 nju b 001 0 eng
020 ## - INTERNATIONAL STANDARD BOOK NUMBER
International Standard Book Number 0130460192
035 ## - SYSTEM CONTROL NUMBER
system control number (BD-JhCC)14257
040 ## - CATALOGING SOURCE
Original cataloging agency DLC
Transcribing agency DLC
Modifying agency DLC
041 ## - LANGUAGE CODE
Language code of Book english
050 00 - LIBRARY OF CONGRESS CALL NUMBER
Classification number QA76.9.A25
Item number K39 2002
082 00 - DEWEY DECIMAL CLASSIFICATION NUMBER
Classification number 005.8
DDC Edition number 21
Author mark and Year KAU 2002
100 1# - MAIN ENTRY--PERSONAL NAME
Personal name Kaufman, Charlie.
245 10 - TITLE STATEMENT
Title Network security :
Remainder of title private communication in a public world /
Statement of responsibility, etc Charlie Kaufman, Radia Perlman, Mike Speciner.
250 ## - EDITION STATEMENT
Edition statement 2nd ed.
260 ## - PUBLICATION, DISTRIBUTION, ETC. (IMPRINT)
Place of publication, distribution, etc Upper Saddle River, NJ :
Name of publisher, distributor, etc Prentice Hall PTR,
Date of publication, distribution, etc 2002.
300 ## - PHYSICAL DESCRIPTION
Pagination xxvi, 713 p. :
Other physical details ill. ;
Dimensions 25 cm.
440 #0 -
Title Prentice Hall series in computer networking and distributed systems
504 ## - BIBLIOGRAPHY, ETC. NOTE
Bibliography, etc Includes bibliographical references (p. 675-684) and indexes.
650 #0 - SUBJECT ADDED ENTRY--TOPICAL TERM
Topical term or geographic name as entry element Computer security.
650 #0 - SUBJECT ADDED ENTRY--TOPICAL TERM
Topical term or geographic name as entry element Computers
General subdivision Access control.
650 #0 - SUBJECT ADDED ENTRY--TOPICAL TERM
Topical term or geographic name as entry element Electronic data processing departments
General subdivision Security measures.
650 #0 - SUBJECT ADDED ENTRY--TOPICAL TERM
Topical term or geographic name as entry element Computer networks
General subdivision Security measures.
700 1# - ADDED ENTRY--PERSONAL NAME
Personal name Perlman, Radia.
700 1# - ADDED ENTRY--PERSONAL NAME
Personal name Speciner, Michael.
942 ## - ADDED ENTRY ELEMENTS (KOHA)
Source of classification or shelving scheme Dewey Decimal Classification
Koha item type Books
Holdings
Source of classification or shelving scheme Damaged status Not for loan Home library Current library Shelving location Date of accession Source of acquisition Total Checkouts Full call number Barcode Date last seen Copy number Method of acquisition Koha item type Currency
Dewey Decimal Classification     JCC Rouf Library JCC Rouf Library General Stacks   With the compliments of Shahriar Imtiaz Rahman,27/1483/K   005.8 KAU 2002 19891 02/25/2025 C-1 Gift/Donation Books BDT

JCC Library | Contacts | JCC Home

Last Update on 23 September 2017
Copyright @ 2017-2020 JCC Rouf Library
Rouf Library, Jhenidah Cadet College (JCC), Bangladesh